Loading...
| Current Events | 1 | 10.00 | 100% | 0% | 0% |
| Fine Arts - Classical Music | 6 | 11.67 | 100% | 17% | 0% |
| Fine Arts - Other | 1 | 0.00 | 0% | 0% | 0% |
| Fine Arts - Painting and Sculpture | 6 | 10.00 | 83% | 17% | 0% |
| Geography | 1 | 10.00 | 100% | 0% | 0% |
| History - American | 4 | 5.00 | 50% | 0% | 0% |
| History - European | 5 | 12.00 | 100% | 0% | 20% |
| History - Other | 4 | 12.50 | 100% | 25% | 0% |
| History - World | 4 | 12.50 | 100% | 25% | 0% |
| Literature - American | 4 | 10.00 | 100% | 0% | 0% |
| Literature - British | 2 | 10.00 | 100% | 0% | 0% |
| Literature - European | 3 | 10.00 | 33% | 67% | 0% |
| Literature - World | 2 | 10.00 | 100% | 0% | 0% |
| Mythology | 2 | 25.00 | 100% | 100% | 50% |
| Other Academic | 1 | 10.00 | 100% | 0% | 0% |
| Philosophy | 4 | 17.50 | 100% | 50% | 25% |
| Popular Culture | 1 | 0.00 | 0% | 0% | 0% |
| Religion | 3 | 13.33 | 100% | 0% | 33% |
| Science - Biology | 2 | 15.00 | 100% | 50% | 0% |
| Science - Chemistry | 4 | 10.00 | 100% | 0% | 0% |
| Science - Other | 4 | 12.50 | 100% | 25% | 0% |
| Science - Physics | 5 | 18.00 | 100% | 60% | 20% |
| Social Science | 4 | 12.50 | 75% | 50% | 0% |